| 000 | 00610nam a2200181Ia 4500 | ||
|---|---|---|---|
| 003 | GCL | ||
| 008 | 140319s9999 xx 000 0 ara d | ||
| 040 |
_aGCL / _cGCL |
||
| 082 | 0 | 4 |
_a398.245 _bع ح |
| 100 | 1 | _aعزيز العلى العزى | |
| 245 | 1 | 0 |
_aالحيوان فى تراثنا بين الحقيقةوالاسطورة / _cعزيز العلى العزى |
| 300 | _a132 ص | ||
| 490 |
_aسلسلة التراث _v0 |
||
| 650 | 0 | 4 | _aالحيوانات، الاساطير |
| 650 | 0 | 4 | _aالادب الشعبى - العالم العربى |
| 650 | 0 | 4 | _aالحيوانات - قصص |
| 942 |
_2ddc _cBK |
||
| 999 |
_c46852 _d46852 |
||